000 00335nam a22001457a 4500
999 _c8841
_d8841
003 OSt
008 200711b ||||| |||| 00| 0 eng d
100 _aJoseph , Roy
245 _aThe Sales Capsule
250 _a2011
260 _aNew Delhi
_bNirali
300 _a-
650 _aPharmaceutical Dosage form /Cosmetic
942 _2ddc
_cBK